[Event "VIE-ch U09 Girls"]
[Site "Ho Chi Minh City"]
[Date "2014.07.18"]
[Round "9"]
[White "Vo, Nguyen Quynh Nhu"]
[Black "Nguyen, Ngoc Yen Vy"]
[Result "0-1"]
[WhiteElo "1564"]
[BlackElo "1571"]
[PlyCount "52"]
[EventDate "2014.07.13"]
[EventType "swiss"]
[EventRounds "9"]
[EventCountry "VIE"]
[SourceTitle "EXT 2016"]
[Source "ChessBase"]
[SourceDate "2015.10.08"]
[SourceVersion "1"]
[SourceVersionDate "2015.10.08"]
[SourceQuality "1"]

1. e4 e5 2. Nf3 Nc6 3. Nc3 g6 4. Bc4 Bg7 5. d3 h6 6. Be3 Nge7 7. d4 exd4 8. Bxd4 Nxd4 9. Nxd4 0-0 10. Qd3 Kh7 11. 0-0-0 d6 12. f3 f5 13. exf5 Nxf5 14. Nxf5 Bxf5 15. Qd5 Rb8 16. g4 Bd7 17. h4 Bc6 18. Qd3 Bxf3 19. Rhf1 Bxd1 20. Rxf8 Qxf8 21. Qxd1 Qf4+ 22. Kb1 Qxc4 23. Nd5 Rf8 24. Ne3 Qb4 25. b3 Qc3 26. Nc4 Qa1# 0-1

[Event "VIE-ch U09 Girls"]
[Site "Ho Chi Minh City"]
[Date "2014.07.15"]
[Round "4"]
[White "Vo, Nguyen Quynh Nhu"]
[Black "Nguyen, Hoang Gia Han"]
[Result "0-1"]
[WhiteElo "1564"]
[BlackElo "1588"]
[PlyCount "68"]
[EventDate "2014.07.13"]
[EventType "swiss"]
[EventRounds "9"]
[EventCountry "VIE"]
[SourceTitle "EXT 2016"]
[Source "ChessBase"]
[SourceDate "2015.10.08"]
[SourceVersion "1"]
[SourceVersionDate "2015.10.08"]
[SourceQuality "1"]

1. e4 e5 2. Nf3 Nc6 3. Nc3 Nf6 4. Bc4 h6 5. d3 d6 6. Be3 Be7 7. h3 0-0 8. 0-0 Be6 9. Bxe6 fxe6 10. Qd2 Kh7 11. a3 Qe8 12. Nb5 Rc8 13. a4 a6 14. Na3 Nh5 15. c3 Qg6 16. b4 Nf4 17. Bxf4 Rxf4 18. b5 Na7 19. bxa6 bxa6 20. Qe3 Nc6 21. g3 Rcf8 22. Nh2 d5 23. Kh1 R4f7 24. exd5 exd5 25. d4 Bxa3 26. Rxa3 Na5 27. dxe5 Nc4 28. Qe2 Nxa3 29. e6 Re7 30. Re1 Rfe8 31. Qxa6 Rxe6 32. Rxe6 Qxe6 33. Qxe6 Rxe6 34. Nf3 Ra6 0-1